Films dont le titre commence par un M (2) - Statistiques

Statistiques générales
  • Ce quiz a été pris 7 fois
  • Le résultat moyen est 7 sur 30
Statistiques - réponses
Année Réalisateur Genre 1 acteur ou
1 actrice
Titre % Correct
1979 G. Miller Aventures Mel Gibson Mad max
57%
1990 C. Columbus Comédie Macaulay Culkin Maman j'ai rate l'avion
57%
1982 R. Thomas Comédie Paul Préboist Mon curé chez les nudistes
57%
1973 T. Valerii Western Terence Hill Mon nom est personne
57%
1980 A. Resnais Comédie dramatique Gérard Depardieu Mon oncle d'Amérique
57%
1979 L. Gilbert Espionnage Roger Moore Moonraker
57%
1986 A. Resnais Comédie dramatique Sabine Azéma Mélo
43%
1986 R. Joffé Aventures Robert De Niro Mission
43%
1981 P. Leconte Comédie Michel Blanc Ma femme s'appelle reviens
29%
1973 R. Lamoureux Comédie Pierre Mondy Mais où est donc passée la septième compagnie ?
29%
1992 C. Columbus Comédie Macaulay Culkin Maman, j'ai encore raté l'avion
29%
1986 C. Berri Drame Yves Montand Manon des sources
29%
1978 A. Parker Drame Brad Davis Midnight express
29%
1989 P. Leconte Drame psychologique Michel Blanc Monsieur Hire
29%
1975 T. Gilliam Comédie Monty Python Monty Python sacré graal
29%
1984 M. Kotto Comédie Gérard Lanvin Marche à l'ombre
14%
1971 C. Sautet Policier Romy Schneider Max et les Ferrailleurs
14%
1981 H. Verneuil Policier Mel Ferrer Mille milliards de dollars
14%
1982 Costa-Gavras Drame Jack Lemmon Missing
14%
1979 T. Jones Comédie Monty Python Monty Python la vie de Brian
14%
1983 T. Jones Comédie Monty Python Monty Python le sens de la vie
14%
1983 C. Miller Drame Michel Serrault Mortelle randonnée
14%
1977 J. Sargent Historique Gregory Peck Mac Arthur le général rebelle
0%
1992 J. McTiernan Aventures Sean Connery Medecine Man
0%
1989 A. Zulawski Drame psychologique Sophie Marceau Mes nuits sont plus belles que vos jours
0%
1990 L. Malle Comédie dramatique Michel Piccoli Milou en mai
0%
1990 R. Reiner Drame psychologique James Caan Misery
0%
1991 G. Lauzier Comédie Gérard Depardieu Mon père ce héros
0%
1984 M. Mitrani Comédie Michel Galabru Monsieur de Pourceaugnac
0%
1992 J. Lynn Comédie Eddye Murphy Monsieur le député
0%
Aucun quiz correspondant
Distribution des résultats
% des personnes avec chaque résultat
Percentile par nombre de réponses
Votre historique - résultats
Vous n’avez pas pris ce quiz